|
|
|
|
| LEADER |
00000nam0a2200000 4500 |
| 001 |
165424 |
| 005 |
20231031161731.0 |
| 010 |
|
|
|a 5520009201
|
| 035 |
|
|
|a (RuTPU)RU\TPU\book\179449
|
| 090 |
|
|
|a 165424
|
| 100 |
|
|
|a 20090918d1991 m y0rusy50 ca
|
| 101 |
0 |
|
|a rus
|
| 102 |
|
|
|a GE
|
| 105 |
|
|
|a a z 001zy
|
| 200 |
1 |
|
|a Позднемеловые кокколитофориды Триалетского хребта и их стратиграфическое значение
|f Э. Д. Киласония
|g Академия наук Грузинской ССР (АН ГрузССР), Геологический институт
|
| 210 |
|
|
|a Тбилиси
|c Мецниереба
|d 1991
|
| 215 |
|
|
|a 88 с.
|c ил.
|
| 225 |
1 |
|
|a Труды геологического института им. А. И. Джанелидзе
|v Вып. 107
|
| 320 |
|
|
|a Библиогр.: с. 81-83.
|
| 610 |
1 |
|
|a геология
|
| 610 |
1 |
|
|a нанофоссилии
|
| 610 |
1 |
|
|a стратиграфия
|
| 610 |
1 |
|
|a верхнемеловые отложения
|
| 610 |
1 |
|
|a наноплактон
|
| 610 |
1 |
|
|a виды
|
| 610 |
1 |
|
|a описание
|
| 610 |
1 |
|
|a Триалетский хребет
|
| 675 |
|
|
|a 561
|v 3
|
| 700 |
|
1 |
|a Киласония
|b Э. Д.
|g Этери Дмитриевна
|
| 712 |
0 |
2 |
|a Академия наук Грузинской ССР (АН ГрузССР)
|b Геологический институт
|2 stltpush
|3 (RuTPU)RU\TPU\col\12806
|
| 801 |
|
1 |
|a RU
|b 63413507
|c 20090918
|
| 801 |
|
2 |
|a RU
|b 63413507
|c 20100719
|g RCR
|
| 942 |
|
|
|c BK
|